000
00273nam a2200109Ia 4500
001
1268688
005
20260417145255.0
008
260417s9999 xx 000 0 und d
020
_a
9786255998750
245
0
_a
Ormanın Gizemi
_c
Tuğba Hatun Murat
260
_b
Ketebe Çocuk
999
_c
1268688
_d
1268688